Aplikácia environmentálnej dane vo výrobnej stratégii podniku

Nástroje ekologickej politiky. Environmentálne manažérstvo. Pomoc štátu pri ochrane životného prostredia. Daňová sústava v rámci ekologizácie výroby. Konkrétna implementácia ekologickej politiky v SR. Ekologické dane nadobudnú v budúcnosti väčší význam.

Guardado en:
Detalles Bibliográficos
Autor principal: Vavrová, Katarína, 1960-
Formato: Capítulo de libro
Lenguaje:eslovaco
Materias:
Etiquetas: Agregar Etiqueta
Sin Etiquetas, Sea el primero en etiquetar este registro!

MARC

LEADER 00000naa$a2200000$$$4500
001 0210103
005 20240502073510.2
041 0 |a slo 
044 |a SK 
245 1 0 |a Aplikácia environmentálnej dane vo výrobnej stratégii podniku  |c Katarína Vavrová 
520 |a Nástroje ekologickej politiky. Environmentálne manažérstvo. Pomoc štátu pri ochrane životného prostredia. Daňová sústava v rámci ekologizácie výroby. Konkrétna implementácia ekologickej politiky v SR. Ekologické dane nadobudnú v budúcnosti väčší význam. 
610 2 0 |a ochrana prostredia životného 
610 2 0 |a politika environmentálna 
610 2 0 |a manažment environmentálny 
610 2 0 |a výroba 
610 2 0 |a ekologizácia 
610 2 0 |a výroba ekologická 
610 2 0 |a dane ekologické 
100 1 |a Vavrová, Katarína, 1960-